Catálogo
 En Linea

El cine italiano, 1942-1961 : (Registro nro. 42320)

Detalles MARC
000 -CABECERA
campo de control de longitud fija 00651nam a2200193 a 4500
001 - NÚMERO DE CONTROL
campo de control 000042831
005 - FECHA Y HORA DE LA ÚLTIMA TRANSACCIÓN
campo de control 20201002040429.0
008 - DATOS DE LONGITUD FIJA--INFORMACIÓN GENERAL
campo de control de longitud fija 140211s1997 sp ac 000 0 spa d
020 ## - NÚMERO INTERNACIONAL ESTÁNDAR DEL LIBRO
Número Internacional Estándar del Libro 844930377X
040 ## - FUENTE DE LA CATALOGACIÓN
Centro catalogador/agencia de origen DO-SdBNP
Lengua de catalogación spa
Centro/agencia transcriptor BNPHU
082 ## - NÚMERO DE LA CLASIFICACIÓN DECIMAL DEWEY
Número de clasificación xxx
Número de documento/Ítem Q77c
100 1# - ENTRADA PRINCIPAL--NOMBRE DE PERSONA
Nombre de persona Quintana, Ángel,
Fechas asociadas al nombre 1960-
9 (RLIN) 70201
245 13 - MENCIÓN DE TÍTULO
Título El cine italiano, 1942-1961 :
Resto del título del neorrealismo a la modernidad /
Mención de responsabilidad, etc. Ángel Quintana ; prólogo de Francesco Casetti.
260 ## - PUBLICACIÓN, DISTRIBUCIÓN, ETC.
Lugar de publicación, distribución, etc. Barcelona :
Nombre del editor, distribuidor, etc. Paidós,
Fecha de publicación, distribución, etc. 1997.
300 ## - DESCRIPCIÓN FÍSICA
Extensión 267 p. :
Otras características físicas il., retrs. ;
Dimensiones 20 cm.
490 1# - MENCIÓN DE SERIE
Mención de serie Paidós studio
Designación de volumen o secuencia 124
700 12 - PUNTO DE ACCESO ADICIONAL--NOMBRE DE PERSONA
Nombre de persona Casetti, Francesco
Término indicativo de función/relación pról.
9 (RLIN) 70202
830 #0 - PUNTO DE ACCESO ADICIONAL DE SERIE-TÍTULO UNIFORME
Título uniforme Paidós studio
Número de parte o sección de la obra 124
9 (RLIN) 70203
Existencias
Estado de retiro Estado de pérdida Restricciones de uso No para préstamo Código de colección Localización permanente Ubicación/localización actual Ubicación en estantería Fecha de adquisición Número de inventario Total de préstamos Signatura topográfica completa Código de barras Fecha visto por última vez Precio válido a partir de Tipo de ítem Koha
      Excluido de préstamo Monografías: Libros y Folletos General General En catalogación 11.02.2014 LF1   xxx Q77c 42831-10 25.06.2020 25.06.2020 No se presta

Con tecnología Koha